A singular antiquity : archaeology and Hellenic identity in twentieth-century Greece
Saved in:
| Corporate Author: | |
|---|---|
| Other Authors: | , |
| Format: | Book |
| Language: | English |
| Published: |
Athens :
Benaki Museum,
2008
|
| Subjects: | |
| Tags: |
Add Tag
No Tags, Be the first to tag this record!
|
MARC
| LEADER | 00000cam a2200000 i 4500 | ||
|---|---|---|---|
| 001 | 1/96260 | ||
| 008 | 081031s2008 eng d | ||
| 020 | |a 978-960-8347-96-0 | ||
| 035 | |l 10101271 | ||
| 040 | |a GR-MY-UA |b gre |e aacr | ||
| 041 | 0 | |a eng | |
| 082 | 0 | |a 938.107 |2 (22) | |
| 245 | 1 | 2 | |a A singular antiquity : |b archaeology and Hellenic identity in twentieth-century Greece / |c edited by Dimitris Damaskos & Dimitris Plantzos |
| 260 | |a Athens : |b Benaki Museum, |c 2008 | ||
| 300 | |a 418 σ.; |b έγχρ. εικ.; |c 28 εκ. | ||
| 504 | |a Περιλαμβάνει βιβλιογραφίες | ||
| 610 | 2 | 0 | |a Μουσείο Μπενάκη. |
| 650 | 0 | 0 | |a Archaeology |z Greece |x History. |
| 650 | 0 | 0 | |a National characteristics, Greek. |
| 650 | 0 | 0 | |a Greeks |x Ethnic identity. |
| 651 | 0 | |a Greece |x Civilization |y 20th century. | |
| 700 | 1 | |a Δαμάσκος, Δημήτριος Σ. |4 edt | |
| 700 | 1 | |a Πλάντζος, Δημήτρης. |4 edt | |
| 710 | 2 | |a Μουσείο Μπενάκη. | |
| 852 | |a INST |b LESVOS |e 20090226 |h 930.1 SIN |p 005100039915 |q 005100039915 |t BK |y 0 | ||
| 852 | |a INST |b RHODES |e 20081031 |h 938 SIN |p 005400031175 |q 005400031175 |t BK |y 0 | ||
| 901 | |a BIBL4-2008-3 | ||
| 909 | |a Λ |b 130165 | ||
| 909 | |a Ρ |b 153534 | ||
| 970 | |a ΚΟΖΑ |b ΜΑΡΙΑ |z 2008/10/31 | ||